| 000 | 00392nam a2200133 a 4500 | ||
|---|---|---|---|
| 001 | 000046201 | ||
| 005 | 20201002052713.0 | ||
| 008 | 150706s19uu dr 000 0 spa d | ||
| 040 |
_aDO-SdBNP _bspa _cBNPHU |
||
| 082 |
_axxxx _bxxxx |
||
| 245 | 0 | 0 | _aCambios actuales y repercusiones sobre nuestros paises. |
| 260 |
_a[s.l.], : _bEdiciones Bloque Socialista, _c[s.f.]. |
||
| 300 |
_a28 p. ; _c21 cm. |
||
| 999 |
_c45690 _d45690 |
||